000 00707nam a22002177a 4500
999 _c14370
_d14370
003 AR-CdUCM
008 190423b ||||| |||| 00| 0 spa d
020 _a978-1-4095-9635-6
040 _aMUNICIPALIDAD PROVINCIAL DEL CUSCO
_cBIBLIOTECA MUNICIPAL DEL CUSCO
082 _aPi /800 /
_bSI56
100 _aSims, Lesley
_933115
245 _aLa historia de coppélia /
260 _aLondres :
_bUsborne house,
_c2015.
300 _a24 paginas ;
_bIlustraciones,
_c29 cm.
650 _aCuentos de adas
_933116
650 _aCuentos de pricesas
_933117
650 _aCuentos de niñas
_933118
700 _aAlonso de la Sierra, Gemma (Traducción)
_933119
942 _2ddc
_cLIBROS
945 _awnts
_d2019-04-23